000 00865cab a2200205 4500
001 ##L132853
008 060314n2006 000 0 eng u
035 _a(Sirsi) u132853
041 0 _aeng
100 1 _aJansen, Mark
245 0 0 _aRights to light
260 _c2006
490 0 _aProperty Week
_v71(10) 10 March 2006, 36-39(4)
520 _aTwo articles dealing with the subject of rights of light. 'In charge of light' looks at how rights-of-light expert, Gordon Ingram set up his business. 'The legislation of light' explains how councils are turning to the Town and Country Planning Act 1990 to settle disputes over rights of light.
590 _aIKA140306
650 2 4 _aTOWN AND COUNTRY PLANNING ACT 1990
690 _aPROPERTY-PROPERTY MANAGEMENT-EASEMENTS-RIGHTS TO LIGHT DETERMINATION-RIGHTS TO LIGHT
700 1 _aFielding, Clare
942 _n0
999 _c76665
_d76665